| 000 | 01072nam a2200229Ia 4500 | ||
|---|---|---|---|
| 003 | Ost | ||
| 005 | 20260507075208.0 | ||
| 008 | 260507s9999||||xx |||||||||||||| ||und|| | ||
| 020 | _a3119709957 | ||
| 040 | _cfsecg | ||
| 041 | _aara | ||
| 082 | _a330 | ||
| 100 |
_aالشافعي، عبد الرحيم _eمؤلف |
||
| 245 | 0 |
_aالمدخل لدراسة الاقتصاد الاسلامي / _c عبد الرحيم الشافعي |
|
| 260 |
_aاربد: _bعالم الكتب الحديث, _c2009 |
||
| 300 |
_a191 صفحة؛ _c24 سم |
||
| 504 | _aمراجع ص.179 | ||
| 520 | _aمصادر الاقتصاد الاسلامي ، أسسه النظرية و مبادئه العامة ، الدعامات الرئيسية للاقتصاد الاسلامي و اهدافها : نظرية الانتاج ، نظرية التوزيع و نظرية الاستهلاك في الاقتصاد الاسلامي ، أهداف دعامات الاقتصاد الاسلامي . | ||
| 653 | _aالاقتصاد | ||
| 653 | _aالاقتصاد الاسلامي | ||
| 942 | _cكتاب | ||
| 999 |
_c43448 _d43448 |
||